[Event "FIDE WCC Blitz Women 2019"]
[Site "Moscow"]
[Date "2019.12.29"]
[Round "5.61"]
[White "Fatianova, Tatiana"]
[Black "Guindy, Esmat Susanne"]
[Result "1-0"]
[WhiteElo "2029"]
[BlackElo "2120"]
[Annotator "NA"]
[PlyCount "43"]
[EventDate "2019.12.29"]
[EventType "swiss"]
[EventCountry "RUS"]
[SourceTitle "playchess.com"]
[Source "ChessBase"]
[SourceQuality "1"]

1. e4 e6 2. Nf3 d5 3. exd5 exd5 4. d4 Bd6 5. c4 c6 6. Nc3 Nf6 7. c5 Bc7 8. Bd3 O-O 9. O-O b6 10. cxb6 axb6 11. Bg5 Nbd7 12. Re1 Bb7 13. Ne5 Re8 14. Nxd7 Qxd7 15. Bxf6 gxf6 16. Qh5 Re6 17. Qxh7+ Kf8 18. Bf5 Ke8 19. Bxe6 fxe6 20. Qg8+ Ke7 21. Qg7+ Kd6 22. Qxf6 1-0

[Event "FIDE WCC Blitz Women 2019"]
[Site "Moscow"]
[Date "2019.12.29"]
[Round "6.1"]
[White "Tan, Zhongyi"]
[Black "Koneru, Humpy"]
[Result "1/2-1/2"]
[WhiteElo "2480"]
[BlackElo "2489"]
[Annotator "ChessBase"]
[PlyCount "119"]
[EventDate "2019.12.29"]
[EventType "swiss"]
[EventCountry "RUS"]
[SourceTitle "playchess.com"]
[Source "ChessBase"]
[SourceQuality "1"]

1. c4 Nf6 2. Nc3 e5 3. Nf3 Nc6 4. e3 Bb4 5. Qc2 Bxc3 6. Qxc3 Qe7 7. Be2 d5 8. O-O O-O 9. d3 e4 10. dxe4 Nxe4 11. Qc2 dxc4 12. Qxc4 Bf5 13. b3 Qf6 14. Ba3 Rfd8 15. Rac1 Nd2 16. Nxd2 Rxd2 17. Bf3 Ne5 18. Qxc7 Nxf3+ 19. gxf3 Bh3 20. Rfe1 Qxf3 21. Qg3 Qxg3+ 22. hxg3 Rxa2 23. Be7 h6 24. Rc7 b6 25. Rec1 Be6 26. b4 a5 27. Rb7 axb4 28. Bxb4 Ra1 29. Rxa1 Rxa1+ 30. Kh2 Ra2 31. Kg1 Ra1+ 32. Kh2 Rh1+ 33. Kxh1 Bd5+ 34. Kg1 Bxb7 35. Kf1 f5 36. Ke2 Kf7 37. f4 Be4 38. Kd2 g6 39. Kc3 Ke6 40. Bf8 h5 41. Kd4 Bf3 42. Ba3 b5 43. Bb4 Be4 44. Ba3 Kf6 45. Bb4 g5 46. fxg5+ Kxg5 47. Bd6 Kg4 48. Kc3 Kf3 49. Bf4 Ke2 50. Kb4 Bd3 51. Kc3 Bc4 52. Kb4 Kd3 53. Bg5 Ke4 54. Bf4 Kf3 55. Kc3 Ke4 56. Kb4 Kd3 57. Bg5 Ke2 58. Bf4 Kf2 59. Kc3 Kf3 60. Kb4 1/2-1/2

[Event "FIDE WCC Blitz Women 2019"]
[Site "Moscow"]
[Date "2019.12.29"]
[Round "6.2"]
[White "Lei, Tingjie"]
[Black "Lagno, Kateryna"]
[Result "1/2-1/2"]
[WhiteElo "2543"]
[BlackElo "2606"]
[Annotator "ChessBase"]
[PlyCount "90"]
[EventDate "2019.12.29"]
[EventType "swiss"]
[EventCountry "RUS"]
[SourceTitle "playchess.com"]
[Source "ChessBase"]
[SourceQuality "1"]

1. d4 Nf6 2. c4 g6 3. f3 Bg7 4. e4 d6 5. Nc3 O-O 6. Be3 c5 7. Nge2 Nc6 8. d5 Ne5 9. Ng3 b5 10. Nxb5 h5 11. Be2 h4 12. Nf1 e6 13. Qc2 exd5 14. cxd5 Rb8 15. Nd2 h3 16. g3 a6 17. Na3 Nh5 18. Nac4 Nxc4 19. Nxc4 f5 20. O-O-O Bd7 21. Bd2 fxe4 22. fxe4 Rf2 23. Bxh5 gxh5 24. Rdf1 Qf6 25. Rxf2 Qxf2 26. Bc3 Qg2 27. Qxg2 hxg2 28. Rg1 Bxc3 29. bxc3 Bh3 30. Ne3 Rf8 31. Nxg2 Rf2 32. Nf4 Bg4 33. h3 Bf3 34. Re1 Rxa2 35. e5 Ra1+ 36. Kd2 Rxe1 37. Kxe1 dxe5 38. Nd3 Bxd5 39. Nxe5 a5 40. c4 Be6 41. g4 hxg4 42. hxg4 Kg7 43. Kd2 Kf6 44. Nd3 Bxc4 45. Nxc5 Ke5 1/2-1/2

[Event "FIDE WCC Blitz Women 2019"]
[Site "Moscow"]
[Date "2019.12.29"]
[Round "6.4"]
[White "Muzychuk, Mariya"]
[Black "Dzagnidze, Nana"]
[Result "0-1"]
[WhiteElo "2344"]
[BlackElo "2432"]
[Annotator "NA"]
[PlyCount "54"]
[EventDate "2019.12.29"]
[EventType "swiss"]
[EventCountry "RUS"]
[SourceTitle "playchess.com"]
[Source "ChessBase"]
[SourceQuality "1"]

1. e4 c5 2. Nf3 e6 3. d4 cxd4 4. Nxd4 Nc6 5. Nc3 Qc7 6. Be3 a6 7. Qf3 Bd6 8. O-O-O Be5 9. Nxc6 dxc6 10. Bd4 Ne7 11. Bxe5 Qxe5 12. Qe3 O-O 13. f4 Qc7 14. h4 c5 15. h5 b5 16. h6 g6 17. g4 Bb7 18. Bh3 Rad8 19. f5 Qe5 20. Qg5 f6 21. Qe3 b4 22. Na4 Bxe4 23. Rxd8 Rxd8 24. Re1 exf5 25. gxf5 Bxf5 26. Qb3+ Qd5 27. Rxe7 c4 0-1

[Event "FIDE WCC Blitz Women 2019"]
[Site "Moscow"]
[Date "2019.12.29"]
[Round "6.5"]
[White "Ambartsumova, Karina"]
[Black "Abdumalik, Zhansaya"]
[Result "1/2-1/2"]
[WhiteElo "2254"]
[BlackElo "2415"]
[Annotator "NA"]
[PlyCount "98"]
[EventDate "2019.12.29"]
[EventType "swiss"]
[EventCountry "RUS"]
[SourceTitle "playchess.com"]
[Source "ChessBase"]
[SourceQuality "1"]

1. Nf3 Nf6 2. c4 c5 3. Nc3 d5 4. cxd5 Nxd5 5. e3 Nxc3 6. dxc3 Qc7 7. e4 Nc6 8. Bd3 e6 9. Qe2 Be7 10. Bd2 O-O 11. e5 Rd8 12. O-O-O b5 13. h4 c4 14. Bc2 Bb7 15. h5 Qa5 16. Kb1 b4 17. Qxc4 Nxe5 18. Nxe5 Qxe5 19. Qg4 f5 20. Qh3 Bf6 21. f4 Qe2 22. Rhe1 Qxg2 23. Qxg2 Bxg2 24. Bc1 bxc3 25. Rxd8+ Rxd8 26. Rxe6 cxb2 27. Bxb2 Bxb2 28. Kxb2 Rd4 29. Bb3 Kf8 30. Ra6 Rxf4 31. Rxa7 Rf2+ 32. Kc3 f4 33. h6 gxh6 34. Rxh7 Rf3+ 35. Kb4 Rf1 36. Rxh6 Kg7 37. Rd6 f3 38. a4 f2 39. Rd2 Kh6 40. a5 Kg5 41. a6 Be4 42. a7 Ra1 43. Rxf2 Rxa7 44. Rd2 Kf4 45. Kc3 Ke3 46. Rd4 Rc7+ 47. Rc4 Rd7 48. Rc5 Rd3+ 49. Kb4 Rd4+ 1/2-1/2

[Event "FIDE WCC Blitz Women 2019"]
[Site "Moscow"]
[Date "2019.12.29"]
[Round "6.6"]
[White "Sargsyan, Anna"]
[Black "Zhukova, Natalia"]
[Result "0-1"]
[WhiteElo "1708"]
[BlackElo "2239"]
[Annotator "NA"]
[PlyCount "88"]
[EventDate "2019.12.29"]
[EventType "swiss"]
[EventCountry "RUS"]
[SourceTitle "playchess.com"]
[Source "ChessBase"]
[SourceQuality "1"]

1. d4 Nf6 2. c4 c5 3. d5 b5 4. cxb5 a6 5. bxa6 g6 6. Nc3 Bg7 7. Nf3 O-O 8. e4 Qa5 9. Bd2 Bxa6 10. Be2 d6 11. O-O Bxe2 12. Qxe2 Qa6 13. Qd1 Nbd7 14. Qc2 Rfb8 15. b3 Ng4 16. Rfe1 c4 17. Rab1 Nc5 18. h3 cxb3 19. axb3 Nxf2 20. Kxf2 Nd3+ 21. Kg3 Nxe1 22. Bxe1 Rc8 23. e5 dxe5 24. Qe2 Qd6 25. Kf2 f5 26. Na4 Qxd5 27. Kg1 Qb7 28. Qa2 h6 29. Kh1 Kh7 30. Qa3 Qe4 31. Ra1 Rc7 32. Nd2 Qd4 33. Nf3 Qd5 34. Bb4 Rb8 35. Nc5 Rc6 36. Rc1 Rbc8 37. Rc4 Qd1+ 38. Kh2 e4 39. Qa7 exf3 40. Qxe7 R6c7 41. Qe6 Rc6 42. Qe7 Qe2 43. Qxe2 fxe2 44. Kg3 Rxc5 0-1

[Event "FIDE WCC Blitz Women 2019"]
[Site "Moscow"]
[Date "2019.12.29"]
[Round "6.7"]
[White "Paehtz, Elisabeth"]
[Black "Gvetadze, Sofio"]
[Result "1/2-1/2"]
[WhiteElo "2380"]
[BlackElo "2202"]
[Annotator "NA"]
[PlyCount "150"]
[EventDate "2019.12.29"]
[EventType "swiss"]
[EventCountry "RUS"]
[SourceTitle "playchess.com"]
[Source "ChessBase"]
[SourceQuality "1"]

1. d4 Nf6 2. Nf3 c5 3. c3 e6 4. Bf4 b6 5. e3 Bb7 6. Nbd2 d6 7. Bd3 Nbd7 8. h3 Be7 9. Bh2 cxd4 10. exd4 O-O 11. O-O Qc7 12. Qe2 Rac8 13. a4 Rfe8 14. a5 Bd5 15. axb6 Qxb6 16. Nc4 Qc7 17. Ne3 Ba8 18. Ra2 Rb8 19. Rfa1 Rb7 20. Nc4 Bf8 21. Nfd2 e5 22. dxe5 dxe5 23. Ne3 Nc5 24. Bc2 Qd7 25. Ndc4 Qc7 26. Bg3 Ncd7 27. Qd3 g6 28. Qe2 Bg7 29. Ba4 Re6 30. Bc2 Nh5 31. Bh2 Nf4 32. Qd2 Nb6 33. Nxb6 Qxb6 34. Be4 Rb8 35. Bxa8 Rxa8 36. Nd5 Nxd5 37. Qxd5 Ree8 38. Qa5 Qb7 39. Bg3 e4 40. Bf4 Qd7 41. Be3 Qd3 42. Qa6 Qc2 43. Qa4 Qd3 44. Qc6 Rec8 45. Qa6 Qc2 46. Qf1 Qb3 47. Qd1 Qxd1+ 48. Rxd1 Rcb8 49. Rd2 Rb7 50. Kf1 Be5 51. Ke2 Kg7 52. Bd4 Bxd4 53. Rxd4 Rab8 54. b4 f5 55. Rd5 Rc8 56. Kd2 Rbc7 57. Ra3 Kf6 58. Rd6+ Ke7 59. Rda6 Rd8+ 60. Kc2 Rd3 61. Rxa7 Rdxc3+ 62. Rxc3 Rxa7 63. Rb3 Kd6 64. Kd2 Kc6 65. b5+ Kb6 66. Ke3 Ra5 67. Kf4 Rxb5 68. Rxb5+ Kxb5 69. g4 fxg4 70. hxg4 Kc5 71. Kxe4 Kd6 72. Kf4 h5 73. gxh5 gxh5 74. Kg5 Ke6 75. Kxh5 Kf5 1/2-1/2

[Event "FIDE WCC Blitz Women 2019"]
[Site "Moscow"]
[Date "2019.12.29"]
[Round "6.8"]
[White "Pourkashiyan, Atousa"]
[Black "Muzychuk, Anna"]
[Result "1/2-1/2"]
[WhiteElo "2327"]
[BlackElo "2504"]
[Annotator "TA"]
[PlyCount "104"]
[EventDate "2019.12.29"]
[EventType "swiss"]
[EventCountry "RUS"]
[SourceTitle "playchess.com"]
[Source "ChessBase"]
[SourceQuality "1"]

1. e4 e5 2. Nf3 Nc6 3. Bb5 a6 4. Ba4 Nf6 5. O-O Nxe4 6. d4 b5 7. Bb3 d5 8. dxe5 Be6 9. Nbd2 Be7 10. c3 O-O 11. Bc2 f5 12. exf6 Nxf6 13. Re1 Bg4 14. h3 Bh5 15. Qe2 Bd6 16. Nf1 Ne5 17. N1h2 Nxf3+ 18. Nxf3 Qd7 19. Qe6+ Qxe6 20. Rxe6 Bxf3 21. gxf3 Rae8 22. Rxe8 Rxe8 23. Be3 Nh5 24. a4 b4 25. a5 bxc3 26. bxc3 Be5 27. Ra3 Nf4 28. Bxf4 Bxf4 29. Bd3 Re6 30. Rb3 Bd2 31. c4 d4 32. Rb8+ Kf7 33. Bxh7 Re1+ 34. Kg2 Bxa5 35. Ra8 Bb6 36. Rxa6 Rc1 37. Be4 Ke7 38. Ra4 Kd6 39. f4 Kc5 40. Bd3 Rc3 41. Be2 d3 42. Bg4 Rxc4 43. Ra8 Rxf4 44. Rd8 Kc4 45. Kg3 Rxf2 46. Rd7 Kc3 47. Rxc7+ Bxc7+ 48. Kxf2 d2 49. Bd1 Kb2 50. Ke2 Kc1 51. Ba4 Bd6 52. Bd1 Be5 1/2-1/2

[Event "FIDE WCC Blitz Women 2019"]
[Site "Moscow"]
[Date "2019.12.29"]
[Round "6.9"]
[White "Socko, Monika"]
[Black "Khademalsharieh, Sarasadat"]
[Result "1-0"]
[WhiteElo "2286"]
[BlackElo "2463"]
[Annotator "ChessBase"]
[PlyCount "110"]
[EventDate "2019.12.29"]
[EventType "swiss"]
[EventCountry "RUS"]
[SourceTitle "playchess.com"]
[Source "ChessBase"]
[SourceQuality "1"]

1. d4 Nf6 2. c4 e6 3. Nf3 a6 4. g3 b5 5. Nbd2 Bb7 6. Bg2 Be7 7. O-O O-O 8. b3 bxc4 9. Nxc4 d5 10. Nce5 c5 11. dxc5 Bxc5 12. Bb2 Nbd7 13. Nd3 Bb6 14. b4 Ne4 15. a4 Rc8 16. Qb3 Nd6 17. Rac1 Qe7 18. Nfe5 Nxe5 19. Nxe5 f6 20. Nd3 Rc4 21. Nc5 Bc6 22. Nxa6 Rxc1 23. Rxc1 Nc4 24. b5 Qa7 25. e3 Bb7 26. Nb4 Nxb2 27. Qxb2 Qxa4 28. Nc6 Ra8 29. Qe2 Qa3 30. Rf1 Qd6 31. Rc1 Qa3 32. Rf1 Qa2 33. Qg4 f5 34. Qg5 Qa3 35. h4 Qc5 36. Nd4 Qd6 37. h5 h6 38. Qg6 Bxd4 39. exd4 Qd7 40. Re1 Re8 41. b6 Qf7 42. Bf1 Qxg6 43. hxg6 Bc6 44. Rc1 Bb7 45. Rc7 Rb8 46. Bb5 Kf8 47. Rf7+ Kg8 48. Re7 Kf8 49. Rf7+ Kg8 50. Bd7 Ba8 51. Bxe6 Kh8 52. Rc7 Bb7 53. Bd7 Kg8 54. Bxf5 Kf8 55. Be6 Ba6 1-0

[Event "FIDE WCC Blitz Women 2019"]
[Site "Moscow"]
[Date "2019.12.29"]
[Round "6.10"]
[White "Harika, Dronavalli"]
[Black "Nomin-Erdene, Davaademberel"]
[Result "1-0"]
[WhiteElo "2445"]
[BlackElo "2298"]
[Annotator "NA"]
[PlyCount "51"]
[EventDate "2019.12.29"]
[EventType "swiss"]
[EventCountry "RUS"]
[SourceTitle "playchess.com"]
[Source "ChessBase"]
[SourceQuality "1"]

1. Nf3 f5 2. g3 Nf6 3. Bg2 g6 4. d4 Bg7 5. O-O O-O 6. b3 d6 7. Bb2 Qe8 8. c4 Na6 9. Nbd2 c5 10. e3 Rb8 11. a3 b5 12. Qc2 Kh8 13. Rfc1 Be6 14. dxc5 Nxc5 15. b4 Na4 16. Bd4 Rc8 17. c5 Nb6 18. Qb2 dxc5 19. bxc5 Nbd5 20. Ne5 Rc7 21. c6 a6 22. a4 b4 23. a5 Qb8 24. Ndc4 Qb5 25. Nb6 Rd8 26. Bf1 1-0

[Event "FIDE WCC Blitz Women 2019"]
[Site "Moscow"]
[Date "2019.12.29"]
[Round "6.11"]
[White "Galliamova, Alisa"]
[Black "Voit, Daria"]
[Result "0-1"]
[WhiteElo "2415"]
[BlackElo "2293"]
[Annotator "NA"]
[PlyCount "66"]
[EventDate "2019.12.29"]
[EventType "swiss"]
[EventCountry "RUS"]
[SourceTitle "playchess.com"]
[Source "ChessBase"]
[SourceQuality "1"]

1. d4 Nf6 2. c4 e6 3. Nf3 b6 4. Bf4 Bb7 5. e3 Bb4+ 6. Nfd2 O-O 7. a3 Be7 8. Bd3 c5 9. O-O cxd4 10. exd4 d5 11. Nc3 dxc4 12. Bxc4 Qxd4 13. Be3 Qh4 14. h3 Rd8 15. Qe2 Nbd7 16. Ba6 Bxa6 17. Qxa6 Nc5 18. Qe2 Nd5 19. Nxd5 Rxd5 20. b4 Nd3 21. Nf3 Qe4 22. Ra2 Rad8 23. Rc2 Nf4 24. Bxf4 Qxf4 25. Rfc1 h6 26. g3 Qf5 27. Rc7 R8d7 28. Kg2 Bf6 29. Qa6 Rd3 30. Ne1 Qe4+ 31. Kh2 Rd2 32. Qf1 Rxc7 33. Rxc7 Rd1 0-1

[Event "FIDE WCC Blitz Women 2019"]
[Site "Moscow"]
[Date "2019.12.29"]
[Round "6.12"]
[White "Arabidze, Meri"]
[Black "Kashlinskaya, Alina"]
[Result "1/2-1/2"]
[WhiteElo "2412"]
[BlackElo "2282"]
[Annotator "NA"]
[PlyCount "117"]
[EventDate "2019.12.29"]
[EventType "swiss"]
[EventCountry "RUS"]
[SourceTitle "playchess.com"]
[Source "ChessBase"]
[SourceQuality "1"]

1. d4 Nf6 2. c4 e6 3. Nf3 d5 4. Nc3 Bb4 5. Bg5 h6 6. Bxf6 Qxf6 7. Qa4+ Nc6 8. e3 O-O 9. Be2 dxc4 10. O-O Bxc3 11. bxc3 Bd7 12. Bxc4 Rad8 13. Qa3 b6 14. Bb5 a5 15. Rfd1 Nb8 16. Bxd7 Nxd7 17. c4 e5 18. c5 e4 19. Nd2 Rfe8 20. cxb6 cxb6 21. Rab1 Qg5 22. Qa4 Re6 23. Qb5 Qg4 24. h3 Qh4 25. Qe2 Rg6 26. Kh2 Nf6 27. g3 Qg5 28. Rb5 Rd5 29. Rdb1 Qf5 30. Rxd5 Nxd5 31. Rb5 Qd7 32. Rb3 Qe6 33. Qc4 Rf6 34. Kg2 Qf5 35. Qe2 Nb4 36. Kg1 Nd3 37. Nxe4 Qxe4 38. Rxd3 h5 39. h4 Rg6 40. Rd2 Qxh4 41. d5 Qb4 42. d6 Rxd6 43. Rxd6 Qxd6 44. Qxh5 Qe6 45. a4 Qc4 46. Qd1 g6 47. Qd8+ Kg7 48. Qd7 Qc1+ 49. Kg2 Qc5 50. Kg1 Qb4 51. Kg2 Kf6 52. Kg1 Qb1+ 53. Kg2 Qe4+ 54. Kg1 Qb4 55. Qd8+ Ke6 56. Qe8+ Kf6 57. Qd8+ Kg7 58. Qd7 Kf6 59. Qd8+ 1/2-1/2

[Event "FIDE WCC Blitz Women 2019"]
[Site "Moscow"]
[Date "2019.12.29"]
[Round "6.13"]
[White "Munguntuul, Batkhuyag"]
[Black "Cramling, Pia"]
[Result "1-0"]
[WhiteElo "2282"]
[BlackElo "2383"]
[Annotator "NA"]
[PlyCount "55"]
[EventDate "2019.12.29"]
[EventType "swiss"]
[EventCountry "RUS"]
[SourceTitle "playchess.com"]
[Source "ChessBase"]
[SourceQuality "1"]

1. e4 c5 2. Nf3 Nc6 3. d4 cxd4 4. Nxd4 Qb6 5. Nb3 Nf6 6. Nc3 e6 7. Be3 Qc7 8. Bd3 a6 9. O-O b5 10. f4 d6 11. a3 Be7 12. Qf3 Bb7 13. Rae1 b4 14. axb4 Nxb4 15. Kh1 O-O 16. Qh3 Nxd3 17. cxd3 Rab8 18. Nd4 Ba8 19. Re2 Qd7 20. Nf3 Rb3 21. f5 exf5 22. Nd4 Rbb8 23. Nxf5 Rfe8 24. Bd4 Qe6 25. Re3 Bd8 26. Rg3 g6 27. Qh6 Nh5 28. Qxh5 1-0

[Event "FIDE WCC Blitz Women 2019"]
[Site "Moscow"]
[Date "2019.12.29"]
[Round "6.14"]
[White "Mkrtchian, Lilit"]
[Black "Bodnaruk, Anastasia"]
[Result "1/2-1/2"]
[WhiteElo "2268"]
[BlackElo "2375"]
[Annotator "NA"]
[PlyCount "153"]
[EventDate "2019.12.29"]
[EventType "swiss"]
[EventCountry "RUS"]
[SourceTitle "playchess.com"]
[Source "ChessBase"]
[SourceQuality "1"]

1. c4 e5 2. g3 Nc6 3. Bg2 g6 4. Nc3 Bg7 5. e4 d6 6. Nge2 f5 7. d3 Nf6 8. O-O O-O 9. h3 Be6 10. Nd5 Qd7 11. Kh2 Nd8 12. Bg5 Ne8 13. exf5 gxf5 14. f4 c6 15. Ndc3 Nf7 16. Bh4 Nc7 17. Rc1 Rae8 18. b3 Kh8 19. d4 exd4 20. Nxd4 Nd8 21. Qd2 Bg8 22. Rfe1 Nde6 23. Nxe6 Nxe6 24. Na4 Nd4 25. Rxe8 Rxe8 26. Re1 Rxe1 27. Qxe1 Qe6 28. Qxe6 Bxe6 29. Be7 d5 30. cxd5 Bxd5 31. Bxd5 cxd5 32. Kg2 Nc6 33. Bd6 Kg8 34. Nc5 b6 35. Nd3 Kf7 36. Ba3 Ke6 37. Kf3 Nd4+ 38. Kf2 Nb5 39. Bb4 d4 40. a4 Nc7 41. Bd2 Kd5 42. Nb4+ Ke4 43. Ke2 Ne6 44. Nd3 Nc5 45. Nf2+ Kd5 46. b4 Nxa4 47. Kd3 Nb2+ 48. Kc2 Nc4 49. Kd3 a5 50. bxa5 bxa5 51. Bc1 a4 52. Kc2 Bf8 53. g4 fxg4 54. Nxg4 h6 55. Nf6+ Ke6 56. Ne4 Kf5 57. Nf2 a3 58. Kb3 Na5+ 59. Ka2 Bd6 60. Bxa3 Bxf4 61. Nd3 Nc4 62. Bf8 h5 63. Kb3 Nd2+ 64. Kc2 Nf1 65. Nxf4 Kxf4 66. Kd3 Kg3 67. Kxd4 Kxh3 68. Be7 Ng3 69. Kd3 Kg4 70. Bd8 Kf3 71. Be7 Nf5 72. Bd8 Ng7 73. Kd2 Ne6 74. Be7 Kg4 75. Ke2 Ng5 76. Bxg5 Kxg5 77. Kf3 1/2-1/2

[Event "FIDE WCC Blitz Women 2019"]
[Site "Moscow"]
[Date "2019.12.29"]
[Round "6.15"]
[White "Shuvalova, Polina"]
[Black "Stefanova, Antoaneta"]
[Result "0-1"]
[WhiteElo "2302"]
[BlackElo "2452"]
[Annotator "ChessBase"]
[PlyCount "202"]
[EventDate "2019.12.29"]
[EventType "swiss"]
[EventCountry "RUS"]
[SourceTitle "playchess.com"]
[Source "ChessBase"]
[SourceQuality "1"]

1. e4 e5 2. Nf3 Nc6 3. Bb5 a6 4. Ba4 Nf6 5. O-O Bc5 6. c3 O-O 7. d4 Ba7 8. dxe5 Nxe4 9. Bc2 d5 10. exd6 Nxd6 11. Bg5 f6 12. Bh4 Kh8 13. Nbd2 Bg4 14. h3 Bh5 15. Re1 Qd7 16. Ne4 Rad8 17. Bg3 Nxe4 18. Bxe4 Bb6 19. Qc2 f5 20. Rad1 Qc8 21. Bd5 f4 22. Bh4 Rxd5 23. Rxd5 Bxf3 24. gxf3 Qxh3 25. Rh5 h6 26. Qg6 Qd7 27. Kg2 Qf7 28. Qxf7 Rxf7 29. Rd5 g5 30. Bxg5 hxg5 31. Rxg5 Ne7 32. Re6 Nf5 33. Rg4 Nd6 34. Rh6+ Rh7 35. Rhg6 Re7 36. Rh4+ Rh7 37. Rxf4 Rg7 38. Rxg7 Kxg7 39. Kg3 Kg6 40. Rg4+ Kf6 41. f4 Ne4+ 42. Kf3 Nxf2 43. Rg2 Nd3 44. Ke4 Nc5+ 45. Kf3 c6 46. Rh2 Bd8 47. Rh6+ Kf7 48. Rh7+ Kg6 49. Rh8 Be7 50. Re8 Kf7 51. Rb8 Bd6 52. Rd8 Bxf4 53. b4 Bc7 54. Rh8 Ne6 55. Ke4 Ke7 56. Kd3 Kd7 57. a4 Be5 58. Rh7+ Kc8 59. Re7 Nf4+ 60. Ke4 Bd6 61. Rh7 Nd5 62. Kd4 Ne7 63. Kc4 Kd7 64. b5 axb5+ 65. axb5 c5 66. Rf7 b6 67. Rh7 Ke6 68. Rh6+ Kd7 69. Rh7 Be5 70. Rh6 Nc8 71. Rh7+ Ke6 72. Rh6+ Bf6 73. Kd3 Nd6 74. c4 Nf7 75. Rh1 Ne5+ 76. Kc3 Ng4+ 77. Kb3 Ne5 78. Rd1 Nf3 79. Rh1 Nd2+ 80. Ka4 Nxc4 81. Rh6 Nd6 82. Rh7 Kd5 83. Rd7 Be5 84. Rd8 c4 85. Kb4 c3 86. Kb3 Kc5 87. Rd7 Kxb5 88. Re7 Bd4 89. Re6 Kc5 90. Rh6 Kd5 91. Rh5+ Be5 92. Rh1 Ne4 93. Rd1+ Kc5 94. Re1 Kd4 95. Rd1+ Nd2+ 96. Kc2 b5 97. Rh1 b4 98. Rh4+ Kc5 99. Kd3 Kb5 100. Rh5 Nf3 101. Rf5 c2 0-1

[Event "FIDE WCC Blitz Women 2019"]
[Site "Moscow"]
[Date "2019.12.29"]
[Round "6.16"]
[White "Ushenina, Anna"]
[Black "Bulmaga, Irina"]
[Result "1/2-1/2"]
[WhiteElo "2424"]
[BlackElo "2308"]
[Annotator "NA"]
[PlyCount "172"]
[EventDate "2019.12.29"]
[EventType "swiss"]
[EventCountry "RUS"]
[SourceTitle "playchess.com"]
[Source "ChessBase"]
[SourceQuality "1"]

1. d4 Nf6 2. Nf3 b6 3. Bg5 e6 4. e4 h6 5. Bxf6 Qxf6 6. Bd3 Bb7 7. Qe2 d6 8. c3 e5 9. a4 a5 10. Nbd2 Nd7 11. O-O g6 12. Nc4 Bg7 13. dxe5 Nxe5 14. Nfxe5 dxe5 15. Ne3 O-O 16. f3 Rad8 17. Bc4 Rfe8 18. Rfd1 Bf8 19. Bd5 c6 20. Bc4 Bc5 21. Kh1 h5 22. Nc2 Kg7 23. b4 axb4 24. cxb4 Bd4 25. Nxd4 exd4 26. Qd3 h4 27. h3 Bc8 28. a5 bxa5 29. bxa5 Qf4 30. a6 Qg3 31. Ra2 Be6 32. a7 Bxc4 33. Qxc4 Qd6 34. Ra6 d3 35. Qc3+ Kg8 36. Rxc6 Qg3 37. Qd2 Ra8 38. Ra6 Re7 39. Qe3 Rd7 40. Ra3 Kg7 41. e5 Re7 42. Qxd3 Qxe5 43. Rda1 Qc5 44. Qd2 Rexa7 45. Qb2+ Kh7 46. Rxa7 Rxa7 47. Rxa7 Qxa7 48. Qf6 Qf2 49. Qxf7+ Kh6 50. Qf4+ g5 51. Qd6+ Kg7 52. Kh2 Kf7 53. Qe5 Kg6 54. Qe4+ Kf6 55. Qg4 Kg6 56. Qe6+ Kg7 57. Qe7+ Kg6 58. Qd6+ Kg7 59. Kh1 Qf1+ 60. Kh2 Qf2 61. Qe5+ Kg6 62. Qe4+ Kf6 63. Qb1 Qg3+ 64. Kg1 Ke5 65. Kf1 Qf4 66. Qb2+ Kd5 67. Ke2 Qg3 68. Kd3 Ke6 69. Qe2+ Kf6 70. Kd4 Qd6+ 71. Ke3 Qc5+ 72. Kd2 Qd4+ 73. Ke1 Qa1+ 74. Kf2 Qd4+ 75. Qe3 Qb2+ 76. Kg1 Qa1+ 77. Kh2 Qa5 78. f4 Qc7 79. Qd4+ Kg6 80. Qe4+ Kf6 81. Qd4+ Kg6 82. Qe4+ Kf6 83. g3 hxg3+ 84. Kxg3 Qxf4+ 85. Qxf4+ gxf4+ 86. Kxf4 Kg6 1/2-1/2

[Event "FIDE WCC Blitz Women 2019"]
[Site "Moscow"]
[Date "2019.12.29"]
[Round "6.17"]
[White "Mammadova, Gulnar"]
[Black "Gaponenko, Inna"]
[Result "1/2-1/2"]
[WhiteElo "2293"]
[BlackElo "2415"]
[Annotator "NA"]
[PlyCount "94"]
[EventDate "2019.12.29"]
[EventType "swiss"]
[EventCountry "RUS"]
[SourceTitle "playchess.com"]
[Source "ChessBase"]
[SourceQuality "1"]

1. e4 d6 2. d4 Nf6 3. Nc3 g6 4. Be3 c6 5. a4 Nbd7 6. Be2 Bg7 7. h3 O-O 8. Nf3 e5 9. dxe5 dxe5 10. Qd3 Qe7 11. a5 Nh5 12. g3 Nc5 13. Qc4 Ne6 14. Rd1 Bd7 15. O-O Rfd8 16. Rfe1 Be8 17. Rxd8 Qxd8 18. b4 a6 19. Rd1 Qe7 20. Bb6 Nf6 21. h4 Nd7 22. Be3 Rd8 23. Na4 Ndf8 24. Rf1 Nd4 25. Nxd4 exd4 26. Bg5 Bf6 27. Bxf6 Qxf6 28. Nc5 Qe7 29. Bf3 Nd7 30. Qxd4 Nxc5 31. Qxc5 Qxc5 32. bxc5 Rd2 33. Rc1 Bd7 34. Rd1 Rxd1+ 35. Bxd1 f5 36. f3 fxe4 37. fxe4 Kf7 38. Kf2 Kf6 39. Ke3 Ke5 40. c3 Be6 41. g4 h6 42. Be2 g5 43. hxg5 hxg5 44. Bd1 Bf7 45. Bc2 Bg6 46. Bd3 Bf7 47. Bc2 Be6 1/2-1/2

[Event "FIDE WCC Blitz Women 2019"]
[Site "Moscow"]
[Date "2019.12.29"]
[Round "6.18"]
[White "Batsiashvili, Nino"]
[Black "Saduakassova, Dinara"]
[Result "0-1"]
[WhiteElo "2259"]
[BlackElo "2390"]
[Annotator "NA"]
[PlyCount "123"]
[EventDate "2019.12.29"]
[EventType "swiss"]
[EventCountry "RUS"]
[SourceTitle "playchess.com"]
[Source "ChessBase"]
[SourceQuality "1"]

1. d4 Nf6 2. Nf3 e6 3. Bf4 c5 4. e3 Nc6 5. Nbd2 d5 6. c3 Be7 7. Bd3 Nh5 8. Bg3 Nxg3 9. hxg3 h6 10. Qe2 Qc7 11. dxc5 Bxc5 12. e4 dxe4 13. Nxe4 Be7 14. Rd1 a6 15. g4 Ne5 16. Nxe5 Qxe5 17. Rh5 Qc7 18. g5 Bd7 19. gxh6 Rxh6 20. Rxh6 gxh6 21. Qh5 Qb6 22. Rd2 Bc6 23. Qxh6 O-O-O 24. Qe3 Qxe3+ 25. fxe3 Rxd3 26. Rxd3 Bxe4 27. Rd4 Bxg2 28. Rg4 Bc6 29. Rg7 Bh4+ 30. Kd2 f5 31. Rh7 Bg3 32. Re7 Bd7 33. Rg7 Be5 34. Rh7 Kc7 35. b3 Kd6 36. c4 Bc6 37. b4 Bg3 38. a4 Be4 39. Rf7 a5 40. bxa5 Kc5 41. Re7 e5 42. Kc3 Be1+ 43. Kb3 Kd6 44. Rg7 Bxa5 45. Rg6+ Kc5 46. Rg8 Bf3 47. Rf8 Bd1+ 48. Kb2 Kxc4 49. Rxf5 Bc3+ 50. Ka3 Bb4+ 51. Ka2 Bb3+ 52. Kb2 Bxa4 53. Rf7 Bc6 54. Kc2 Bc5 55. Kd2 e4 56. Rc7 Bd5 57. Rh7 b5 58. Rh1 b4 59. Rc1+ Kb5 60. Rd1 Bc4 61. Rh1 b3 62. Rh5 0-1

[Event "FIDE WCC Blitz Women 2019"]
[Site "Moscow"]
[Date "2019.12.29"]
[Round "6.19"]
[White "Zatonskih, Anna"]
[Black "Druzhinina, Olga"]
[Result "1-0"]
[WhiteElo "2374"]
[BlackElo "2245"]
[Annotator "NA"]
[PlyCount "146"]
[EventDate "2019.12.29"]
[EventType "swiss"]
[EventCountry "RUS"]
[SourceTitle "playchess.com"]
[Source "ChessBase"]
[SourceQuality "1"]

1. e4 c5 2. g3 d6 3. Bg2 Nc6 4. d3 g6 5. f4 Bg7 6. Nf3 e6 7. O-O Nge7 8. c3 O-O 9. Be3 b6 10. Bf2 Ba6 11. a4 d5 12. e5 Rc8 13. Na3 d4 14. c4 Nb4 15. Nb5 Qd7 16. Qe2 Bb7 17. Nd6 Rb8 18. Nxb7 Rxb7 19. Ng5 Rbb8 20. Ne4 Nf5 21. Rfd1 Rfd8 22. b3 h5 23. Rac1 Qc7 24. h3 a6 25. g4 hxg4 26. hxg4 Ne3 27. Bxe3 dxe3 28. Qxe3 Nc6 29. Nf6+ Kf8 30. Bxc6 Qxc6 31. d4 cxd4 32. Rxd4 Ke7 33. Rcd1 Qc5 34. Nd7 Qc6 35. Nxb8 Rxb8 36. Rd6 Qa8 37. Rxb6 Rc8 38. Rbd6 Kf8 39. Qd4 Ke8 40. Rd7 Bf8 41. Kf2 Be7 42. Kg3 Kf8 43. b4 Ke8 44. c5 Qc6 45. b5 axb5 46. axb5 Qxb5 47. Rd2 Qxc5 48. Qxc5 Rxc5 49. Kf3 Rc3+ 50. R7d3 Rc7 51. Ra2 Bb4 52. Rb2 Rc3 53. Rxc3 Bxc3 54. Rb8+ Ke7 55. Rb7+ Kf8 56. Ke4 Bd2 57. Rd7 Bc1 58. Rb7 Bd2 59. f5 gxf5+ 60. gxf5 exf5+ 61. Kxf5 Kg8 62. Kf6 Bc3 63. Rb8+ Kh7 64. Re8 Bd4 65. Kxf7 Kh6 66. Kf6 Kh7 67. Re7+ Kh8 68. Rd7 Bc3 69. Kf5 Kg8 70. Ke6 Kf8 71. Rf7+ Ke8 72. Rc7 Kd8 73. Rxc3 Ke8 1-0